000 01100cam a2200349 i 4500
001 17608356
003 OSt
005 20230619144402.0
008 130131s2009 pk d 000 0 eng
010 _a 2013344105
020 _a9789693506822
020 _a9693506820
025 _aP-E-2013344105
037 _bLibrary of Congress -- Islamabad Overseas Office
040 _aDLC
_beng
_cDLC
_erda
041 0 _aeng
_aara
042 _alcode
050 0 0 _aPJ6640
_b.S68 2009
082 _a492.703
_bSTE
100 1 _aSteingass, Francis Joseph,
_d1825-1903,
_eauthor.
245 1 0 _aArabic-English dictionary :
_cby F. Steingass.
246 1 4 _aʻArabī - Inglish ḍikshnarī
264 1 _aLahore :
_bSang-e-Meel Publications,
_c2009.
336 _atext
_btxt
_2rdacontent
337 _aunmediated
_bn
_2rdamedia
338 _avolume
_bnc
_2rdacarrier
546 _aExplanation in English, words in Arabic.
650 0 _aArabic language
_vDictionaries
_xEnglish.
906 _a7
_bcbc
_corigode
_d2
_encip
_f20
_gy-gencatlg
942 _2ddc
_cBK
999 _c1353
_d1353